النمل الأبيض

محفوظ في:

المؤلف الرئيسي: يسرى السباعى.

التنسيق: كتاب

اللغة: Undetermined

منشور في: Cairo : almitbaeat alziraeia , 2007.

الوسوم: إضافة وسم

لا توجد وسوم, كن أول من يضع وسما على هذه التسجيلة!

رقم الطلب: QL529 .S53

LEADER 00347nam a2200121Ia 4500
008 240329s9999||||xx |||||||||||||| ||und||
050 4 |a QL529 .S53 
100 1 |a يسرى السباعى. 
245 1 0 |a النمل الأبيض  |c يسرى السباعى 
264 1 |a Cairo :  |b almitbaeat alziraeia ,  |c 2007. 
300 |a 241  |c 29 CM 
942 |2 lcc  |c BK 
999 |c 57618  |d 57618